LEADER 02078oam 2200541 450 001 9910709770203321 005 20180622095246.0 035 $a(CKB)5470000002472543 035 $a(OCoLC)896811294 035 $a(OCoLC)995470000002472543 035 $a(EXLCZ)995470000002472543 100 $a20141123d1993 ua 0 101 0 $aeng 135 $aurbn||||||||| 181 $ctxt$2rdacontent 182 $cc$2rdamedia 183 $acr$2rdacarrier 200 10$aStratigraphy of the Upper Cretaceous Fox Hills sandstone and adjacent parts of the Lewis shale and Lance formation, east flank of the Rock Springs Uplift, southwest Wyoming /$fby Henry W. Roehler 210 1$aWashington :$cU.S. Department of the Interior, U.S. Geological Survey,$d1993. 215 $a1 online resource (v, 57 pages) $cillustrations, maps +$e5 plates 225 1 $aU.S. Geological Survey professional paper ;$v1532 300 $a"Description of three of/lapping barrier shorelines along the western margins of the interior seaway of North America." 320 $aIncludes bibliographical references (pages 40-41). 606 $aGeology, Stratigraphic$yCretaceous 606 $aGeology$zWyoming 606 $aCretaceous Geologic Period$2fast 606 $aGeology$2fast 606 $aGeology, Stratigraphic$2fast 607 $aFox Hills Formation 607 $aUnited States$zFox Hills Formation$2fast 607 $aWyoming$2fast 615 0$aGeology, Stratigraphic 615 0$aGeology 615 7$aCretaceous Geologic Period. 615 7$aGeology. 615 7$aGeology, Stratigraphic. 700 $aRoehler$b Henry W.$01392979 712 02$aGeological Survey (U.S.), 801 0$bCOP 801 1$bCOP 801 2$bOCLCO 801 2$bOCLCF 801 2$bOCLCA 801 2$bGPO 906 $aBOOK 912 $a9910709770203321 996 $aStratigraphy of the Upper Cretaceous Fox Hills sandstone and adjacent parts of the Lewis shale and Lance formation, east flank of the Rock Springs Uplift, southwest Wyoming$93524798 997 $aUNINA LEADER 01473nam0 22003251i 450 001 UON00235870 005 20231205103524.871 010 $a88-222-5053-2 100 $a20030730d2001 |0itac50 ba 101 $aita$aFRE 102 $aIT 105 $a||||0 ||||| 200 1 $aˆIl ‰tragico e il sacro dal Cinquecento a Racine$eatti del Convegno Internazionale di Torino e Vercelli, (14-16 ottobre 1999)$f a cura di Dario Cecchetti e Daniela Dalla Valle 210 $aFirenze$cOlschki$d2001 215 $aX, 329 p.$d24 cm 410 1$1001UON00088452$12001 $aBiblioteca dell'«Archivum Romanicum». Serie 1.: Storia, letteratura, paleografia$1210 $aFirenze$cOlschki.$v301 606 $aCongressi$xTorino$x1999$3UONC052575$2FI 606 $aCongressi$xVercelli$x1999$3UONC052576$2FI 606 $aLetteratura drammatica francese$xSec. 16.-17.$3UONC052577$2FI 620 $aIT$dFirenze$3UONL000052 676 $a842$cLetteratura drammatica francese$v21 702 1$aCECCHETTI$bDario$3UONV111638 702 1$aDALLA VALLE$bDaniela$3UONV142798 712 $aOlschki$3UONV246364$4650 801 $aIT$bSOL$c20251031$gRICA 899 $aSIBA - SISTEMA BIBLIOTECARIO DI ATENEO$2UONSI 912 $aUON00235870 950 $aSIBA - SISTEMA BIBLIOTECARIO DI ATENEO$dSI ITA II 2395 $eSI LO 68760 5 2395 996 $aTragico e il sacro dal Cinquecento a Racine$9540493 997 $aUNIOR